000
00309nam a2200133Ia 4500
008
220216s9999 xx 000 0 und d
100
_a
Jessy M D
245
0
_a
Rubberinu idavila pineapple
260
_b
Keralakarshakan
_c
2014
300
_a
13-14
650
_a
Intercrop
650
_a
Pineapple
942
_c
BS
999
_c
48621
_d
48621